000 00964nas a2200301 4500
001 BR2012000835
003 BR-BrBNA
005 20231205120123.0
007 ta
008 230509b bl.|||p| |||| 00| 00por d
040 _aBR-BrBNA
_bpor
_cBiblioteca Nacional de Agricultura
041 _a(Pt)
072 _aF50; F01
100 1 _aCésar, F.R.C.F.
100 1 _aMatsumoto, S.N.
100 1 _aViana, A.E.S.
100 1 _aSantos, M.A.F.
100 1 _aBonfim, J.A.
245 1 _aMorfofisiologia foliar de cafeeiro sob diferentes níveis de restrição luminosa
246 1 _aLeaf morphophysiology of coffee plants under different levels of light restriction
650 _aCAFÉ
650 _aMORFOLOGIA VEGETAL
650 _aFISIOLOGIA VEGETAL
650 _aSOMBREAMENTO
773 0 _tCoffee Science (Brazil)
_xISSN 1809-6875
_g(Sep-Dec 2010), v. 5(3) p. 262-271
_wBR2012000835
909 _a202311
_bLúcia
_c55
_dLúcia Elande
942 _2AGRIS
_n0
_cANA
999 _c217123
_d217123